| 000 | 00604pam a2200193 4500 | ||
|---|---|---|---|
| 003 | IeDuTC | ||
| 005 | 20181127162946.0 | ||
| 008 | 000605s2000 enk d 000 0 eng | ||
| 020 | _a0340760664 | ||
| 100 | 1 |
_aHawthorn, Jeremy, _d1942- |
|
| 245 | 1 | 2 |
_aA glossary of contemporary literary theory / _cJeremy Hawthorn. |
| 250 | _a4th ed. | ||
| 260 |
_aNew Delhi : _bHeritage Publishers, _c2011. |
||
| 300 |
_axvi, 398 p. ; _c25 cm. |
||
| 504 | _aIncludes bibliographical references. | ||
| 650 | 0 |
_aCriticism _xTerminology. |
|
| 650 | 0 |
_aEnglish language _xTerms and phrases. |
|
| 650 | 0 |
_aLiterature _vTerminology. |
|
| 999 |
_c880 _d880 |
||